Library Banner

The every man encyclopaedia (Record no. 77197)

MARC details
000 -LEADER
fixed length control field 00340nam a22001337a 4500
005 - DATE AND TIME OF LATEST TRANSACTION
control field 20151008145625.0
008 - FIXED-LENGTH DATA ELEMENTS--GENERAL INFORMATION
fixed length control field 151008b xxu||||| |||| 00| 0 eng d
040 ## - CATALOGING SOURCE
Transcribing agency PK-LaUMT
082 ## - DEWEY DECIMAL CLASSIFICATION NUMBER
Classification number KHC R 030
Item number EVE-
245 ## - TITLE STATEMENT
Title The every man encyclopaedia
Statement of responsibility, etc Andrew Boyle(Edit
260 ## - PUBLICATION, DISTRIBUTION, ETC. (IMPRINT)
Place of publication, distribution, etc London
Name of publisher, distributor, etc J.M. Dent
Date of publication, distribution, etc [N.D]
300 ## - PHYSICAL DESCRIPTION
Extent 640 p.
942 ## - ADDED ENTRY ELEMENTS (KOHA)
Koha item type Books
Holdings
Withdrawn status Lost status Damaged status Home library Current library Date acquired Full call number Barcode Date last seen Price effective from Koha item type
      UMT Main Campus UMT Main Campus 2015-10-08 KHC R 030 EVE- 91745 2015-10-08 2015-10-08 Books